000 00758nam a2200217 a 4500
001 000024477
005 20240411074011.0
008 110128s2010 dr 000 j spa d
020 _a9789945404333
040 _aDO-SdBNP
_bspa
_cBNPHU
082 _aRD863.4408
_bT787a
245 0 0 _a30 años de cuento y poesía :
_bantología (por nuestro país primero).
246 1 3 _aTreinta años de cuento y poesía
_bantología (por nuestro país primero)
260 _aSanto Domingo :
_bEdiciones de Cultura,
_c2010.
300 _a94 p. ;
_c23 cm.
590 _aInventariado, 2020 /LP
650 0 _aCuentos dominicanos
_9176
650 0 _aPoesía dominicana
_966
650 4 _aLiteratura dominicana
_vANTOLOGÍAS
_950178
910 _aValidado. Control de calidad MFF
999 _c23970
_d23970